Loading...
| Mythology | 0 | 3 | 0 | 0 | 30 | 60 | 74.67 | 1 | 2 | 12.83 | 17.50 |
| Religion | 0 | 3 | 0 | 1 | 30 | 98 | 112.33 | 0 | 2 | 2.98 | 12.50 |
| Fine Arts - Other | 0 | 2 | 0 | 0 | 20 | 69 | 84.00 | 1 | 2 | 7.02 | 17.50 |
| Literature - British | 0 | 2 | 0 | 0 | 20 | 47 | 59.50 | 0 | 2 | 11.21 | 12.50 |
| Social Science | 0 | 2 | 0 | 0 | 20 | 56 | 60.00 | 0 | 2 | 9.41 | 15.00 |
| Literature - European | 0 | 1 | 0 | 1 | 10 | 129 | 129.00 | 0 | 1 | 0.72 | 2.50 |
| History - American | 0 | 1 | 0 | 0 | 10 | 61 | 61.00 | 1 | 1 | 4.50 | 10.00 |
| Other Academic | 0 | 1 | 0 | 1 | 10 | 94 | 94.00 | 0 | 1 | 6.55 | 16.67 |
| Fine Arts - Painting and Sculpture | 0 | 1 | 0 | 0 | 10 | 80 | 80.00 | 0 | 1 | 3.89 | 7.50 |
| Literature - American | 0 | 1 | 0 | 1 | 10 | 135 | 135.00 | 0 | 1 | 0.00 | 2.50 |
| Science - Biology | 0 | 1 | 0 | 0 | 10 | 53 | 53.00 | 0 | 1 | 5.00 | 7.50 |